000 00855nam a2200217 i 4500
001 53425
003 ES-MaACL
005 20230906162749.0
007 t|
008 950926s1891 sp |||| | spa d
100 1 _aEspaña Lledó, José.
_947761
245 1 0 _aDiscurso leído en la... inauguración del curso académico de 1891 a 1892 en la Universidad de Granada /
_cpor José España Lledó.
260 _aGranada :
_b[s.n.],
_c1891 (
_fIndalecio Ventura)
300 _a41 p. ;
_c32 cm.
500 _aTema: La metodología escolástica comparada con los principales sistemas filosóficos.
530 _aDisponible en formato digital.
650 4 _aFe y razón.
_9146736
710 2 _aUniversidad de Granada.
_97176
852 _aES-MaACL
_jT-499-F-5
856 _uhttp://bdh-rd.bne.es/viewer.vm?id=0000129995&page=1
_zBiblioteca Digital Hispánica
999 _c53425
_d53425